000 00623nam a22002052 4500
001 0000001125
005 20151217151807.0
008 070226s xx 000 0 eng d
020 _a0802806279 :
_cKES 2,786
040 _aKABU
_cKABU
050 0 _aBV4211.2
_b.S76
100 1 _aStott, John R. W.
_@0000112162
245 1 0 _aBetween two worlds :
_bthe challenge of preaching today /
_cJohn R. W. Stott.
260 _aGrand Rapids, Michigan :
_bW. B. Eerdmans,
_c1982.
300 _a351 p.
650 0 _aPreaching.
_@0000148272
908 _a070226
950 _@1
999 _c5098
_d5098